Advanced accounting / (Record no. 136556)

MARC details
000 -LEADER
fixed length control field 00608nam a2200217 4500
010 ## - LIBRARY OF CONGRESS CONTROL NUMBER
LC control number A-447828
035 ## - SYSTEM CONTROL NUMBER
System control number A-447828
037 ## - SOURCE OF ACQUISITION
Source of stock number/acquisition Cen Lib / Ret
040 ## - CATALOGING SOURCE
Original cataloging agency DPL
Language of cataloging EN
082 ## - DEWEY DECIMAL CLASSIFICATION NUMBER
Classification number 657
Item number MON
100 ## - MAIN ENTRY--PERSONAL NAME
Personal name Monga, J. R.
245 ## - TITLE STATEMENT
Title Advanced accounting /
Statement of responsibility, etc by J. R. Monga, Girish Ahuja [and] Ashok Sehgal
260 ## - PUBLICATION, DISTRIBUTION, ETC. (IMPRINT)
Place of publication, distribution, etc New Delhi
Name of publisher, distributor, etc Mayoor Paperbacks
270 ## - ADDRESS
Address Mayoor Paperbacks
City New Delhi
300 ## - PHYSICAL DESCRIPTION
Extent v 2. 950p
Other physical details 24cm(Hb)
650 ## - SUBJECT ADDED ENTRY--TOPICAL TERM
Topical term or geographic name as entry element accounting
650 ## - SUBJECT ADDED ENTRY--TOPICAL TERM
Topical term or geographic name as entry element Financial Accounting
700 ## - ADDED ENTRY--PERSONAL NAME
Personal name Ahuja, Girish
700 ## - ADDED ENTRY--PERSONAL NAME
Personal name Sehgal, Ashok
942 ## - ADDED ENTRY ELEMENTS (KOHA)
Source of classification or shelving scheme Dewey Decimal Classification
Koha item type English Books
Classification part 657
Call number suffix MON
Holdings
Withdrawn status Lost status Source of classification or shelving scheme Materials specified (bound volume or other part) Damaged status Not for loan Collection code Home library Current library Date acquired Source of acquisition Total Checkouts Full call number Barcode Date last seen Date checked out Price effective from Koha item type
    Dewey Decimal Classification v 2     Non-fiction Central Library Central Library 04/03/2016 Cen Lib/Ret 1 657 MON A-447828 20/12/2018 18/12/2018 04/03/2016 English Books

© Delhi Public Library
Hit Counter
free hit counter